|
|
|
|
| LEADER |
00000cam a2200000 4500 |
| 001 |
vtls012075930 |
| 003 |
SK-MaSNL |
| 005 |
20260302061919.0 |
| 008 |
211103s2018 xxua f n 001 0 eng |
| 015 |
|
|
|a SNBZSA2023/09
|
| 020 |
|
|
|a 9781536126303
|q (viazané)
|
| 040 |
|
|
|a SNK
|b slo
|c SNK
|e rda
|
| 041 |
0 |
|
|a eng
|
| 044 |
|
|
|a xxu
|c US
|
| 072 |
|
7 |
|a 339
|x Obchod
|2 konspekt
|
| 080 |
|
|
|a 658.114
|2 2011
|
| 080 |
|
|
|a 502.131.1:33
|2 2011
|
| 080 |
|
|
|a 339.137.2
|2 2011
|
| 080 |
|
|
|a (048.8)
|2 2011
|
| 080 |
|
|
|a (082)
|2 2011
|
| 245 |
0 |
0 |
|a Sustainability and scalability of business
|b theory and practice
|c Adam Jabłoński, editor
|
| 264 |
|
1 |
|a New York
|b Nova Science Publishers
|c [2018]
|
| 264 |
|
4 |
|c ©2018
|
| 300 |
|
|
|a xiii, 379 strán
|b diagramy, ilustrácie, tabuľky
|c 26 cm
|
| 336 |
|
|
|a text
|b txt
|2 rdacontent
|
| 337 |
|
|
|a bez média
|b n
|2 rdamedia
|
| 338 |
|
|
|a zväzok
|b nc
|2 rdacarrier
|
| 490 |
1 |
|
|a Business issues, competition and entrepreneurship
|
| 500 |
|
|
|a Obsahuje profesijné údaje o editorovi
|
| 504 |
|
|
|a Obsahuje bibliografiu za jednotlivými kapitolami a register
|
| 650 |
0 |
7 |
|a strategické plánovanie
|2 SNKPH
|9 439984
|
| 650 |
0 |
7 |
|a podnikanie
|2 SNKPH
|9 1757
|
| 650 |
0 |
7 |
|a Business
|2 SNKPHeng
|9 268171
|
| 650 |
0 |
7 |
|a udržateľný rozvoj
|2 SNKPH
|9 236336
|
| 650 |
0 |
7 |
|a Sustainable development
|2 SNKPHeng
|9 265066
|
| 650 |
0 |
7 |
|a konkurencieschopnosť
|2 SNKPH
|9 15191
|
| 650 |
0 |
7 |
|a Competitiveness
|2 SNKPHeng
|9 314755
|
| 655 |
|
7 |
|a zborníky
|2 SNKPH
|9 70165
|
| 655 |
|
7 |
|a Papers of several authors
|2 SNKPHeng
|9 153738
|
| 655 |
|
7 |
|a štúdie
|2 SNKPH
|9 57033
|
| 655 |
|
7 |
|a Studies
|2 SNKPHeng
|9 265573
|
| 700 |
1 |
|
|a Jabłoński, Adam Stefan,
|d 1972-
|4 edt
|9 218322
|
| 830 |
|
0 |
|a Business issues, competition and entrepreneurship
|9 611223
|
| 852 |
|
|
|a Slovenská národná knižnica
|
| 919 |
|
|
|a 978-1-53612-630-3
|
| 954 |
|
|
|a odborná, vedecká literatúra cudzojazyčná (svetová)
|2 lita
|
| 958 |
|
|
|a ZS
|
| 958 |
|
|
|a NB
|
| 999 |
|
|
|c 1127268
|d 1129198
|
| 952 |
|
|
|a SNK
|b SNK
|y PREZ
|7 0
|p 17A1492940
|o snkSB 98452
|i snk2022/12545
|8 4
|g 230.28
|0 0
|1 0
|4 0
|d 2021-11-03
|f 1
|l 0
|r 2025-05-19 00:00:00
|w 2026-02-24
|